000 00305nam a2200121Ia 4500
008 210428s9999 xx 000 0 und d
082 _a620 G 354 M
100 _aJames M Gere
_913396
245 0 _aMechanics of Materials
260 _bStanley Thornes Ltd
_aLondon
_c1999
300 _a913p.
942 _cBK
999 _c559906
_d559906